[Event "GER-chT School WK GS"]
[White "Schoebert, Marc"]
[Black "Vietrich, Matti"]
[Site "Playchess.com INT"]
[Round "3.2"]
[Result "1-0"]
[Date "2020.06.11"]
[WhiteElo "1667"]
[BlackElo "1502"]
[PlyCount "91"]
[EventDate "2020.06.11"]
[EventType "team-swiss (blitz)"]
[EventRounds "7"]
[EventCountry "GER"]
[SourceTitle "EXT 2021"]
[Source "ChessBase"]
[SourceDate "2020.10.23"]
[SourceVersion "1"]
[SourceVersionDate "2020.10.23"]
[SourceQuality "1"]
[WhiteTeam "Baden Eich"]
[BlackTeam "Berlin Alt Schmar"]
[WhiteTeamCountry "GER"]
[BlackTeamCountry "GER"]

1. d4 d6 2. e4 Nc6 3. Nf3 Bg4 4. h3 Bxf3 5. Qxf3 Nxd4 6. Qd3 c5 7. c3 Ne6 8. Qd1 g6 9. Bb5+ Qd7 10. Bxd7+ Kxd7 11. Qa4+ Kc8 12. Qe8+ Kc7 13. Qxa8 Bg7 14. Qxa7 Nf6 15. Qa5+ b6 16. Qa7+ Kc6 17. Qxe7 Rf8 18. Bg5 Nxg5 19. e5 dxe5 20. Qxe5 Re8 21. Qxe8+ Nxe8 22. Nd2 Nd6 23. 0-0 Bh6 24. Nb3 Nge4 25. Rfe1 Bg5 26. f3 Ng3 27. Kh2 Bf4 28. Kg1 Nc4 29. Re4 g5 30. Rxc4 Ne2+ 31. Kf2 Ng3 32. Rxf4 gxf4 33. Re1 Nf5 34. g4 Nd6 35. Re7 b5 36. Na5+ Kb6 37. Rd7 Nc4 38. Nxc4+ bxc4 39. Rxf7 Kc6 40. Rxh7 Kd5 41. h4 Ke5 42. Rg7 Kf6 43. Rg8 Kf7 44. Rg5 Kf6 45. Rxc5 Kg6 46. a4 1-0